000 00898nam a2200253Ia 4500
003 OSt
005 20220923211928.0
006 a|||||r|||| 00| 0
007 ta
008 220922b |||||||| |||| 00| 0 san d
024 _a73,779
037 _cTextual
040 _aARTS
_cARTS
_bsan
041 _2san
_asan
082 _aR621xFVA:1, 15L3
100 _aवादिवागीश्वर
245 0 _aमानमनोहर संपा योगीन्द्रानन्द
246 _aMānahinohar sanpā yogīndrānanda
260 _aवाराणसी
_b षड्दर्शन प्रकाशन
_c1973
300 _a160पृ0
_ccm.
490 _aषड्दर्शन प्रकाशन ग्रन्थमाला; 2
942 _hR621xFVA:1, 15L3
_cTEXL
_2CC
999 _c304634
_d304634